00269nam a2200109Ia 4500008004100000100002100041245003000062260002300092650002000115942000700135999001700142190216s9999||||xx |||||||||||||| ||und|| aVaheedudhen Khan 0aIslamine Parichayappeduka bI P H Publications aIslamic History cBK c22097d22097